Statistics for SNL Guest Hosts - Season 16

Click here to take the quiz!

General Stats

  • This quiz has been taken 9 times
  • The average score is 9 of 20

Answer Stats

Premiere DateFamous ForMusical GuestGuest Host% Correct
December 8, 1990Forrest Gump, Big, Toy StoryEdie Brickell & New BohemiansTom Hanks
100%
February 16, 1991RoseanneDeee-LiteRoseanne Barr
86%
February 23, 199130 Rock, Pearl Harbour, The Boss BabyWhitney HoustonAlec Baldwin
71%
December 1, 1990Roseanne, O Brother Where Art Thou, Monsters IncFaith No MoreJohn Goodman
71%
March 16, 1991Back to the FutureThe Black CrowesMichael J. Fox
71%
October 27, 1990Ghost, Dirty Dancing, Red DawnMariah CareyPatrick Swayze
71%
February 9, 1991Footloose, X-Men: First ClassINXSKevin Bacon
57%
April 13, 1991After Hours, Beetlejuice, Home AloneR.E.M.Catherine O'Hara
43%
May 11, 1991Designing Women, Filthy Rich, DeltaChris IsaakDelta Burke
43%
November 10, 1990L.A. Law, NYPD Blue, The West WingWorld PartyJimmy Smits
43%
September 29, 1990Twin Peaks, Dune, Blue VelvetSinead O'ConnorKyle MacLachlan
43%
April 20, 1991Under Siege, The Patriot, Exit WoundsMichael BoltonSteven Seagal
43%
October 20, 1990Former owner of the New York YankeesMorris Day & The TimeGeorge Steinbrenner
29%
May 18, 1991CheersElvis CostelloGeorge Wendt
29%
October 6, 1990All My Children, Deadly Affairs, Devious MaidsHothouse FlowersSusan Lucci
29%
December 15, 1990Breaking Away, The Right Stuff, Wyatt EarpThe Neville BrothersDennis Quaid
14%
March 23, 1991The Lion King, Batman v Superman: Dawn of JusticeFishboneJeremy Irons
14%
January 19, 1991The Dream of the Blue Turtles, ...Nothing Like the Sun, The Soul CagesHimselfSting
14%
November 17, 1990Rebel Without a Cause, Giant, Apocalypse NowPaul SimonDennis Hopper
0%
January 12, 1991Three Amigos, The Godfather Part III, Forget ParisVanilla IceJoe Mantegna
0%

Score Distribution

Percentile by Number Answered

Percent of People with Each Score

Your Score History

You have not taken this quiz